000
00200 a2200097 4500
001
4628
100
_a
Voskobinis,D
245
_a
Nuclear power
260
_a
_b
Foriegn long Co
_c
090
_c
3822
_d
3822
942
_a
NUST-CAE
_c
M
_c
30070
999
_c
239701
_d
239701